<?xml version="1.0" encoding="UTF-8"?>
<record
    xmlns:xsi="http://www.w3.org/2001/XMLSchema-instance"
    xsi:schemaLocation="http://www.loc.gov/MARC21/slim http://www.loc.gov/standards/marcxml/schema/MARC21slim.xsd"
    xmlns="http://www.loc.gov/MARC21/slim">

  <leader>00742nam a22001577a 4500</leader>
  <controlfield tag="003">OSt</controlfield>
  <controlfield tag="005">20150923173949.0</controlfield>
  <controlfield tag="008">150923b        xxu||||| |||| 00| 0 eng d</controlfield>
  <datafield tag="040" ind1=" " ind2=" ">
    <subfield code="c">RUA</subfield>
  </datafield>
  <datafield tag="082" ind1=" " ind2=" ">
    <subfield code="a">AGR TIM 2011 B048 Or.1</subfield>
  </datafield>
  <datafield tag="100" ind1=" " ind2=" ">
    <subfield code="9">1227</subfield>
    <subfield code="a">TIM SOPHEAK</subfield>
  </datafield>
  <datafield tag="245" ind1=" " ind2=" ">
    <subfield code="a">Utilizeration of organic fertilizer on petsia (celerycage) At crop station of royal university of agriculture,(&#x1780;&#x17B6;&#x179A;&#x1794;&#x17D2;&#x179A;&#x17BE;&#x1794;&#x17D2;&#x179A;&#x17B6;&#x179F;&#x17CB;&#x1787;&#x17B8;&#x1792;&#x1798;&#x17D2;&#x1798;&#x1787;&#x17B6;&#x178F;&#x17B7;&#x1791;&#x17C5;&#x179B;&#x17BE;&#x178A;&#x17C6;&#x178E;&#x17B6;&#x17C6;&#x179F;&#x17D2;&#x1796;&#x17C3;&#x1785;&#x1784;&#x17D2;&#x1780;&#x17B9;&#x17C7; &#x1793;&#x17C5;&#x179F;&#x17D2;&#x1790;&#x17B6;&#x1793;&#x17B8;&#x1799;&#x17CD;&#x1796;&#x17B7;&#x179F;&#x17C4;&#x1792;&#x1793;&#x17CD; &#x1793;&#x17C3;&#x179F;&#x17B6;&#x1780;&#x179B;&#x179C;&#x17B7;&#x1791;&#x17D2;&#x1799;&#x17B6;&#x179B;&#x17D0;&#x1799;&#x1797;&#x17BC;&#x1798;&#x17B7;&#x1793;&#x17D2;&#x1791;&#x1780;&#x179F;&#x17B7;&#x1780;&#x1798;&#x17D2;&#x1798;)</subfield>
  </datafield>
  <datafield tag="260" ind1=" " ind2=" ">
    <subfield code="a">phnom penh </subfield>
    <subfield code="b">RUA </subfield>
    <subfield code="c">2011</subfield>
  </datafield>
  <datafield tag="300" ind1=" " ind2=" ">
    <subfield code="a">xi, 39p.</subfield>
    <subfield code="c">ill.</subfield>
    <subfield code="g">29cm.</subfield>
  </datafield>
  <datafield tag="942" ind1=" " ind2=" ">
    <subfield code="2">ddc</subfield>
    <subfield code="c">AGR</subfield>
  </datafield>
  <datafield tag="999" ind1=" " ind2=" ">
    <subfield code="c">1171</subfield>
    <subfield code="d">1171</subfield>
  </datafield>
  <datafield tag="952" ind1=" " ind2=" ">
    <subfield code="0">0</subfield>
    <subfield code="1">0</subfield>
    <subfield code="2">ddc</subfield>
    <subfield code="4">0</subfield>
    <subfield code="6">AGR_TIM_2011_000000000000000_B048_OR_1</subfield>
    <subfield code="7">0</subfield>
    <subfield code="9">4813</subfield>
    <subfield code="a">LBB</subfield>
    <subfield code="b">LBB</subfield>
    <subfield code="c">B048</subfield>
    <subfield code="d">2015-09-23</subfield>
    <subfield code="l">4</subfield>
    <subfield code="m">3</subfield>
    <subfield code="o">AGR TIM 2011 B048 Or.1</subfield>
    <subfield code="p">RUA000443</subfield>
    <subfield code="r">2017-08-02</subfield>
    <subfield code="s">2017-08-01</subfield>
    <subfield code="w">2015-09-23</subfield>
    <subfield code="y">AGR</subfield>
  </datafield>
</record>
